Movies Quiz

Random Movies or Actor Quiz

Franchise Actors Quiz Stats

Quiz Updated Jun 20, 2017

Challenge
Share
Tweet
Embed
Score 0/52 Timer 07:00
0 Plays Today
Actor Franchise % Correct
Tom CruiseMission: Impossible
96.4%
Bruce WillisDie Hard
88.3%
Matt DamonOcean's 11, Jason Bourne
88.3%
Arnold SchwarzeneggerThe Terminator, The Expendables
87.8%
Sylvester StalloneRocky, Rambo, The Expendables
86.5%
Harrison FordStar Wars, Indiana Jones
85%
Mike MyersAustin Powers, Shrek
83.7%
Will SmithMen in Black
83.2%
Patrick StewartStar Trek, X-Men
83.1%
Keira KnightleyPirates of the Caribbean
82%
Taylor LautnerTwilight
80.8%
Shia LaBeoufTransformers
80.7%
Ben Stiller Meet the Parents, Madagascar, Night at the Museum
80.3%
Al PacinoThe Godfather
77.8%
Ian McKellenX-Men, Lord of the Rings, The Hobbit
76.8%
Tim AllenThe Santa Clause, Toy Story
76.5%
Eddie MurphyBeverly Hills Cop, Shrek
76.2%
Michael CaineHarry Palmer, Batman
75%
Sigourney WeaverAlien
74.7%
Anthony HopkinsHannibal Lecter
74.6%
Christopher LloydBack to the Future
73.2%
Vin DieselThe Fast and the Furious, Riddick
73.1%
Brad PittOcean's 11
71.7%
Ewan McGregorStar Wars I-III
70.7%
Brendan FraserThe Mummy
70.3%
Jason BiggsAmerican Pie
67.5%
Actor Franchise % Correct
Judi DenchJames Bond
67%
Jackie ChanPolice Story, Rush Hour, Kung Fu Panda, Armour of God
65.2%
Clint EastwoodDirty Harry, Man with No Name
64.4%
Danny GloverLethal Weapon
63.6%
Laurence FishburneThe Matrix
63.6%
Tom HanksToy Story, Robert Langdon
63%
Wesley SnipesBlade
62.1%
Leslie NielsenThe Naked Gun
61.6%
Jamie Lee CurtisHalloween
61.5%
Ray RomanoIce Age
58.4%
James FrancoSpider-Man
57%
Neve CampbellScream
54.1%
Paul HoganCrocodile Dundee
53.8%
Maggie SmithHarry Potter
52.8%
Gwyneth PaltrowIron Man
52.3%
Emilio EstevezThe Mighty Ducks
52.1%
Alec GuinnessStar Wars IV-VI
50.7%
Kate BeckinsaleUnderworld
49.6%
Peter SellersThe Pink Panther
49.1%
Milla JovovichResident Evil
45%
Ice CubeFriday, Barbershop
41.9%
Charlton HestonPlanet of the Apes
41.8%
Robert EnglundNightmare on Elm Street
41.3%
Steve GuttenbergPolice Academy
34.8%
Bruce CampbellEvil Dead, Spider-Man
32.5%
Gene HackmanSuperman
31.8%

You're not logged in!

Compare scores with friends on all Sporcle quizzes.
Sign Up with Email
OR
Log In

You Might Also Like...

Show Comments

Extras

Top Quizzes Today


Score Distribution

Your Account Isn't Verified!

In order to create a playlist on Sporcle, you need to verify the email address you used during registration. Go to your Sporcle Settings to finish the process.